The Senecan amble; (Record no. 77123)
[ view plain ]
| 000 -LEADER | |
|---|---|
| fixed length control field | 00850cam a22002651 4500 |
| 001 - CONTROL NUMBER | |
| control field | 77123 |
| 003 - CONTROL NUMBER IDENTIFIER | |
| rucl marc code | BD-RjUL |
| 005 - DATE AND TIME OF LATEST TRANSACTION | |
| control field | 20211209082929.0 |
| 008 - FIXED-LENGTH DATA ELEMENTS--GENERAL INFORMATION | |
| fixed length control field | 200227s1951 ilu b 000 0 eng |
| 035 ## - SYSTEM CONTROL NUMBER | |
| System control number | (BD-RjUL)77347 |
| 040 ## - CATALOGING SOURCE | |
| Original cataloging agency | DLC |
| Transcribing agency | OYU |
| Modifying agency | OCoLC |
| -- | DLC |
| Language of cataloging | eng |
| 041 ## - LANGUAGE CODE | |
| Language code of text/sound track or separate title | eng |
| 042 ## - AUTHENTICATION CODE | |
| Authentication code | premarc |
| 082 ## - DEWEY DECIMAL CLASSIFICATION NUMBER | |
| Classification number | 820.903 |
| Edition number | 17 |
| Author mark and year | WIS 1951 |
| 100 1# - MAIN ENTRY--PERSONAL NAME | |
| Personal name | Williamson, George, |
| Dates associated with a name | 1898-1968. |
| 9 (RLIN) | 239839 |
| 245 14 - TITLE STATEMENT | |
| Title | The Senecan amble; |
| Remainder of title | a study in prose form from Bacon to Collier. |
| Statement of responsibility, etc. | by George Williamson |
| 260 ## - PUBLICATION, DISTRIBUTION, ETC. (IMPRINT) | |
| Place of publication, distribution, etc. | London: |
| Name of publisher, distributor, etc. | Faber and Faber , |
| Date of publication, distribution, etc. | [1951] |
| 300 ## - PHYSICAL DESCRIPTION | |
| Pagination | 377 p.; |
| Size | 22 cm. |
| 504 ## - BIBLIOGRAPHY, ETC. NOTE | |
| Bibliography, etc | Bibliographical footnotes. |
| 650 #0 - SUBJECT ADDED ENTRY--TOPICAL TERM | |
| Topical term or geographic name as entry element | English prose literature |
| Chronological subdivision | Early modern, 1500-1700 |
| General subdivision | History and criticism. |
| 9 (RLIN) | 239840 |
| 906 ## - LOCAL DATA ELEMENT F, LDF (RLIN) | |
| a | 7 |
| b | cbc |
| c | oclcrpl |
| d | u |
| e | ncip |
| f | 19 |
| g | y-gencatlg |
| 942 ## - ADDED ENTRY ELEMENTS (KOHA) | |
| Source of classification or shelving scheme | Dewey Decimal Classification |
| Koha item type | Books |
| Lost status | Source of classification or shelving scheme | Damaged status | Not for loan | Collection code | Permanent Location | Current Location | Shelving location | Date acquired | Total Checkouts | Full call number | Date last seen | Copy number | Koha item type |
|---|---|---|---|---|---|---|---|---|---|---|---|---|---|
| Dewey Decimal Classification | Not For Loan | Non-fiction | Central Library, University of Rajshahi | Central Library, University of Rajshahi | Reading Room | 25/02/2020 | 820.903 WIS 1951 | 25/02/2020 | C-1 | Books |